| 000 | 00406nam a2200169Ia 4500 | ||
|---|---|---|---|
| 008 | 230711s9999||||xx |||||||||||||| ||und|| | ||
| 020 | _a81-7409-140-8 | ||
| 041 | _aENG | ||
| 082 |
_a621 _bVA-A |
||
| 100 | _aVazirani,V.N | ||
| 245 | 0 | _aAnalysis of structure | |
| 250 | _a14th Ed. | ||
| 260 |
_c2015 _aNew Delhi _bKhanna Publishers |
||
| 650 | _aCivil Engineering | ||
| 700 | _aRatwani,M.M | ||
| 942 | _cBK | ||
| 999 |
_c1040 _d1040 |
||